Young Justice characters 1-4 (DC Comics) - Statistics

General Stats
  • This quiz has been taken 101 times
    97 since last reset
  • The average score is 52 of 122
Answer Stats
Hint Answer % Correct
acrobatic boy Nightwing
99%
angry clone Superboy
96%
green animals Beast Boy
94%
fast and silly Kid Flash
94%
dark knight Batman
90%
detective with a red suit Red robin
90%
kryptonian from Kansas Superman
90%
amazon princess Wonder woman
90%
girl magician Zatana
87%
archer with ponytail Artemis
85%
scarab Blue Beetle
84%
fresh buzzcut Aqualad
83%
king of Atlantis Aquaman
83%
og robin hood Green arrow
82%
red head archer Red arrow
82%
don't make her scream Black canary
80%
Kid flash's mentor Flash
80%
hello "..." Miss martian
80%
red robot Red tornado
79%
can get really small (man) Atom
78%
just a kid Captain marvel
77%
wonder woman's protégée Wonder girl
77%
big bad bald man Lex Luthor
74%
hates fire Martian manhunter
74%
red head gymnast Batgirl
73%
cool helmet Doctor fate
73%
Semi-human semi-robot Cyborg
72%
in brightest day, in blackest night Green lantern
68%
speedster from the future Impulse
68%
red head with bionic arm Arsenal
67%
our favorite clown Joker
66%
the two sisters' evil dad Sportsmaster
65%
aqualad's dad Black manta
63%
her sister Cheshire
60%
father of magician Zatara
59%
can get really small (woman) Bumblebee
54%
mud face Clayface
54%
Batman's purple protégée Spoiler
54%
eco terrorist Poison Ivy
52%
what's inside of your head Brain
51%
Cold man who was in Arkham Mr freeze
51%
his even cooler protégé Static
51%
Thanagarian man Hawkman
50%
Queen of Atlantis Mera
50%
leader of the League of Shadows Ra's al ghul
50%
His cooler sister Terra
50%
immortal man Vandal Savage
50%
Cold lady Killer frost
49%
has electricity power Black Lightning
48%
Cold dude with a hood and glasses Captain cold
48%
He is missing his right eye Deathstroke
48%
Thanagarian woman Hawkgirl
48%
Old and evil lady Granny Goodness
46%
queen of Bialya Queen bee
46%
chaos kid Klarion
45%
android that replicate powers Amazo
43%
Annoying earth bender Geoforce
41%
her boyfriend with a shield Guardian
41%
his secretary Mercy graves
40%
wrestler from Santa Prisca Bane
39%
absorbs molecules Captain atom
39%
doesn't like aquaman Ocean master
39%
mute girl Orphan
39%
purple aura Rocket
39%
Connor's pet Wolf
38%
fish guy Lagoon Boy
37%
Aqualad's first love Tula
37%
warden of Belle Reve, don't mess with her Amanda Waller
35%
Flash's wife and reporter Iris West-Allen
34%
has lots of auras Halo
33%
White gorilla Ultra Humanite
33%
really wants the throne Count vertigo
32%
His best friend from Atlantis Garth
32%
creator of the red robot T.O Morrow
32%
corrupted and wears round glasses Hugo strange
29%
his last name is synonym to weird Adam strange
28%
You can see his brain Psimon
28%
agent of the Reach Black Beetle
27%
dc's spider Black Spider
27%
Darkseid's henchman Desaad
27%
underrated archer Arrowette
26%
flaming skull Atomic skull
26%
Best swordswoman Lady shiva
26%
superman thought he might be kryptonian Icon
24%
his creator Professor Ivo
24%
Creature from New Genesis Forager
23%
Purple dude Parasite
23%
ghost girl from season 1 Secret
23%
Cold and silly dude Icicle jr
22%
Evil red robot Red volcano
22%
escaped from Belle reve Riddler
21%
UN ambassador representing Themyscira Troia
20%
He looks like a beast Mammoth
18%
Foggy girl Mist
18%
His skinnier sister Shimmer
18%
scientist gone monster from season 1 Blockbuster
17%
Blond reporter Cat Grant
17%
Round ball from New genesis Sphere
17%
Gorilla with a gun Monsieur Mallah
16%
bad brother from season 1 Harm
13%
blends in shadows Shade
13%
daughter of immortal man Cassandra Savage
12%
Young and evil kid Child
12%
new meta girl with electricity powers Livewire
12%
sells her psychic powers Madame Xanadu
12%
teen who can teleport El dorado
11%
right wing journalist G. Gordon Godfrey
11%
ruler of a cult Kobra
11%
windy robot from season 1 Mister Twister
11%
blond twin #1 Tommy Terror
11%
his name is a magic formula Abrakadabra
10%
red and blue lantern Razer
10%
immortal Viking sorcerer Wotan
10%
She beat Wonder woman once Devastation
9%
Jaime's girlfriend Thirteen
9%
blond twin #2 Tuppence Terror
9%
owner of a diner Bibbo
7%
Queen of Vlatava Perdita
6%
the girl he met on Rann Alanna
5%
she kissed a girl Harper Row
4%
girl who followed Artemis from her house Onyx Adams
4%
the man he met on Rann Sardath
4%
No matching quizzes found
Score Distribution
Percent of People with Each Score
Percentile by Number Answered
Your Score History
You have not taken this quiz since the last reset